000 00533nam a2200193Ia 4500
001 5661
003 GE_BSU
008 181216s||||||||xx |||||||||||||| ||und||
040 _cGE_BSU
080 _a343+343.237
100 _aЦеретели,Т.В.
245 _aПричинная связь в уголовном праве
260 _aТбилиси
260 _bМеридиани
260 _c2012
300 _a703стр.22см.
653 _aПричинная связь в уголовном праве
942 _cBK
999 _c39092
_d39092